000 00289pab a2200109 454500
008 180718b xxu||||| |||| 00| 0 eng d
100 _aGopalaswami, T.V.
245 _aIndian electricity scenario - emerging macro trends
650 _aElectricity
773 _aFinancial Express
909 _a23398
999 _c23398
_d23398